000 00262nam a2200109Ia 4500
008 190216s9999||||xx |||||||||||||| ||und||
100 _aPramod Chandra
245 0 _aHindi-Gudiyan Ke Desh Me
260 _bMac Millian And Com. Ltd
650 _aHindi
942 _cBK
999 _c15351
_d15351